Basic electrical power and machines / (Record no. 17708)
[ view plain ]
| 000 -LEADER | |
|---|---|
| fixed length control field | 00898pam a2200253 a 4500 |
| 001 - CONTROL NUMBER | |
| control field | 3943421 |
| 005 - DATE AND TIME OF LATEST TRANSACTION | |
| control field | 20161219094422.0 |
| 008 - FIXED-LENGTH DATA ELEMENTS--GENERAL INFORMATION | |
| fixed length control field | 930908s1994 enka b 001 0 eng |
| 020 ## - INTERNATIONAL STANDARD BOOK NUMBER | |
| International Standard Book Number | 0412455404 |
| 082 00 - DEWEY DECIMAL CLASSIFICATION NUMBER | |
| Classification number | 621.31 |
| Edition number | 20 |
| Item number | BRA |
| 100 1# - MAIN ENTRY--PERSONAL NAME | |
| Personal name | Bradley, D. A. |
| 9 (RLIN) | 34292 |
| 245 10 - TITLE STATEMENT | |
| Title | Basic electrical power and machines / |
| Statement of responsibility, etc | David Bradley. |
| 250 ## - EDITION STATEMENT | |
| Edition statement | 1st ed. |
| 260 ## - PUBLICATION, DISTRIBUTION, ETC. (IMPRINT) | |
| Place of publication, distribution, etc | London ; |
| -- | New York : |
| Name of publisher, distributor, etc | Chapman & Hall, |
| Date of publication, distribution, etc | 1994. |
| 300 ## - PHYSICAL DESCRIPTION | |
| Extent | x, 203 p. : |
| Other physical details | ill. ; |
| Dimensions | 25 cm. |
| 504 ## - BIBLIOGRAPHY, ETC. NOTE | |
| Bibliography, etc | Includes bibliographical references (p. [197]) and index. |
| 650 #0 - SUBJECT ADDED ENTRY--TOPICAL TERM | |
| Topical term or geographic name as entry element | Electric machinery. |
| 9 (RLIN) | 34293 |
| 650 #0 - SUBJECT ADDED ENTRY--TOPICAL TERM | |
| Topical term or geographic name as entry element | Power electronics. |
| 9 (RLIN) | 34294 |
| 650 #0 - SUBJECT ADDED ENTRY--TOPICAL TERM | |
| Topical term or geographic name as entry element | Mechatronics. |
| 9 (RLIN) | 34295 |
| 653 ## - INDEX TERM--UNCONTROLLED | |
| Resource For college | |
| Arrived date list | October2013 |
| 650 #0 - SUBJECT ADDED ENTRY--TOPICAL TERM | |
| 9 (RLIN) | 17796 |
| Topical term or geographic name as entry element | Electric transformers |
| 942 ## - ADDED ENTRY ELEMENTS (KOHA) | |
| Source of classification or shelving scheme | Dewey Decimal Classification |
| Item type | Book - Borrowing |
| Call number prefix | 621.31 BRA |
| Withdrawn status | Item status | Source of classification or shelving scheme | Damaged status | Not for loan | Vendor | Home library | Current library | Shelving location | Date acquired | Source of acquisition | Total Checkouts | Full call number | Barcode | Date last seen | Koha item type | Total Renewals | Date last borrowed |
|---|---|---|---|---|---|---|---|---|---|---|---|---|---|---|---|---|---|
| Dewey Decimal Classification | Baccah | Central Library | Central Library | First floor | 29/10/2013 | 621.31 BRA | 000029507 | 15/07/2025 | NB - Book (Non borrowing) | ||||||||
| Dewey Decimal Classification | Baccah | Central Library | Central Library | First floor | 29/10/2013 | 4 | 621.31 BRA | 000029508 | 15/07/2025 | Book - Borrowing | 31 | 02/11/2019 | |||||
| Dewey Decimal Classification | Baccah | Central Library | Central Library | First floor | 29/10/2013 | 4 | 621.31 BRA | 000029509 | 15/07/2025 | Book - Borrowing | 10 | 22/11/2017 | |||||
| Dewey Decimal Classification | Baccah | Central Library | Central Library | First floor | 29/10/2013 | 6 | 621.31 BRA | 000029510 | 15/07/2025 | Book - Borrowing | 7 | 02/11/2019 |